000 00349nam a2200145Ia 4500
005 20251222144745.0
008 251222s9999||||xx |||||||||||||| ||spa||
020 _a9788483178232
082 _a342.46/P26
100 _aPardo y Otto, Ignacio de
245 0 _aObras Completas
250 _a1ra.ed.
264 _bUniversidad de Oviedo
942 _cLIB
999 _c19106
_d19106